000 00663cam a2200241 4500
008 000000n2001 000 0 eng u
020 _a1873394462
035 _a(Sirsi) u111855
050 _a695.2
100 _aBennett, Frank
100 _aPinion, Alfred
245 _aRoof slating and tiling.
260 _aDonhead St Mary, Dorset
_bDonhead
_c2001
300 _a331p. ; 24cm.
350 _a45.00
520 _aFacsimile reprint of 1935 edition.
650 _aBUILT ENVIRONMENT-BUILDING ELEMENTS-COMPLETE BUILDING ELEMENTS-ROOFS
650 _aROOFING
650 _aSLATES
650 _aTILING
690 _aBUILDING CONSERVATION
942 _n0
999 _c101296
_d101296